| 000 | 00971cad a22002055a 4500 | ||
|---|---|---|---|
| 001 | L156521 | ||
| 008 | 120531e2012 xxk 000 0 eng d | ||
| 035 | _a(Sirsi) u156521 | ||
| 041 | 0 | _aeng | |
| 110 | 2 |
_aSavills _92020 |
|
| 245 | 0 | 0 |
_a£30 billion _bThe price of a single city now and the UK's total housing stock in 1952 _h[electronic resource] |
| 260 | _c2012 | ||
| 490 |
_aSavills UK News _v30 May 2012 |
||
| 520 | _aBetween 1952 and 2012, despite four property cycles of bust and boom, average UK house price has risen by over 8 000%. Graphs show house price bust and boom cycles and nominal and inflation-adjusted house price growth table over the 60 years. | ||
| 590 | _aKA NTK | ||
| 651 | 4 |
_aUnited Kingdom _y |
|
| 690 |
_aResidential property _96266 |
||
| 856 | 4 | 0 |
_uhttps://www.savills.co.uk/_news/newsitem.aspx?intSitePageId=72418&intNewsSitePageId=119766-0&intNewsMonth=5&intNewsYear=2012 _zView this item free of charge at www.savills.co.uk |
| 942 | _n0 | ||
| 999 |
_c84052 _d84052 |
||